| 000 | 00717nam a2200277Ia 4500 | ||
|---|---|---|---|
| 005 | 20250425161824.0 | ||
| 008 | 250425s9999 xx 000 0 und d | ||
| 020 | _a9684228783 | ||
| 041 | _aspa | ||
| 043 | _amx | ||
| 082 | _a382 | ||
| 100 | _aOHMAE, KENICHI | ||
| 245 | 0 | _aEL MUNDO SIN FRONTERAS:PODER Y ESTRATEGIA EN LA ECONOMIA ENTRELAZADA | |
| 250 | _a1A ED. | ||
| 260 |
_aMéxico _bMCGRAW-HILL _c1991 |
||
| 260 | _aS.L. | ||
| 300 | _a248 | ||
| 500 | _aTítulo Traducido: THE BORDERLESS WORLD | ||
| 650 | _aCOMERCIO INTERNACIONAL | ||
| 650 | _aECONOMIA MUNDIAL | ||
| 650 | _aMACROECONOMIA | ||
| 700 |
_aROBERTO A.HAAS _etraductor |
||
| 710 | _aMCGRAW-HILL | ||
| 942 | _c01 | ||
| 010 | _a31103 | ||
| 999 |
_c216810 _d216810 |
||